[Event "Mid Bohemia Region-chT 2223"]
[Site "Czech Republic"]
[Date "2022.12.11"]
[Round "5.5"]
[White "Suchy, Ladislav"]
[Black "Koudelka, Ivan"]
[Result "1-0"]
[WhiteElo "1808"]
[BlackElo "1906"]
[PlyCount "33"]
[EventDate "2022.10.09"]
[EventType "team-tourn"]
[EventRounds "11"]
[EventCountry "CZE"]
[SourceTitle "EXT 2024"]
[Source "ChessBase"]
[SourceDate "2023.10.10"]
[SourceVersion "1"]
[SourceVersionDate "2023.10.10"]
[SourceQuality "1"]
[WhiteTeam "Kostelec nad CL"]
[BlackTeam "Cesky Brod"]
[WhiteTeamCountry "CZE"]
[BlackTeamCountry "CZE"]

1. e4 c5 2. Nf3 Nc6 3. d4 cxd4 4. Nxd4 Nf6 5. Nc3 e6 6. Be2 Bb4 7. 0-0 Bxc3 8. bxc3 Nxe4 9. Nxc6 dxc6 10. Bd3 Nxc3 11. Qg4 Nd5 12. Bb2 f6 13. Qxg7 Rf8 14. Ba3 Ne7 15. Bxh7 Rf7 16. Bg6 Nxg6 17. Qxg6 1-0

[Event "SEMI A046 email"]
[Site "SEMI email"]
[Date "2003.10.10"]
[Round "?"]
[White "Peto, Peter"]
[Black "Koudelka, Ivan"]
[Result "0-1"]
[WhiteElo "2105"]
[BlackElo "2002"]
[PlyCount "59"]
[EventDate "2003.10.10"]
[EventType "tourn (corr)"]
[EventRounds "6"]
[EventCountry "ITA"]
[SourceTitle "Corr 2008"]
[Source "ChessBase"]
[SourceDate "2008.06.24"]
[SourceVersion "1"]
[SourceVersionDate "2008.06.24"]
[SourceQuality "1"]

1. e4 e5 2. f4 exf4 3. Nf3 g5 4. Bc4 Bg7 5. 0-0 h6 6. d4 d6 7. Nc3 Be6 8. d5 Bg4 9. Qd3 Nd7 10. Bd2 Ne7 11. Nd1 0-0 12. Re1 Ng6 13. Bc3 Bxc3 14. Qxc3 Bxf3 15. gxf3 Nde5 16. Be2 Qd7 17. Nf2 h5 18. Kh1 f6 19. Rg1 Kh8 20. Rad1 Rf7 21. Qb3 b6 22. Rdf1 Rg8 23. c3 Nh4 24. Qd1 g4 25. fxg4 f3 26. Bd3 hxg4 27. Rg3 Rh7 28. Rfg1 Ng2 29. Bf1 Nf4 30. h3 0-1

[Event "SEMI Traxler theme email"]
[Site "SEMI email"]
[Date "2002.01.15"]
[Round "?"]
[White "Biondi, Piero"]
[Black "Koudelka, Ivan"]
[Result "1-0"]
[WhiteElo "2000"]
[BlackElo "2076"]
[PlyCount "39"]
[EventDate "2002.01.15"]
[EventType "tourn (corr)"]
[EventRounds "8"]
[EventCountry "ITA"]
[SourceTitle "Telechess CBM 097"]
[Source "ChessBase"]
[SourceDate "2003.11.11"]
[SourceVersion "1"]
[SourceVersionDate "2003.11.11"]
[SourceQuality "1"]

1. e4 e5 2. Nf3 Nc6 3. Bc4 Nf6 4. Ng5 Bc5 5. Nxf7 Bxf2+ 6. Kxf2 Nxe4+ 7. Ke3 Qe7 8. Nxh8 Qg5+ 9. Kxe4 d5+ 10. Bxd5 Qf4+ 11. Kd3 e4+ 12. Bxe4 Bf5 13. Bxf5 Qxf5+ 14. Ke3 0-0-0 15. Qf3 Qc5+ 16. d4 Nxd4 17. Qe4 Nxc2+ 18. Kf3 Rf8+ 19. Kg3 Qf2+ 20. Kh3 1-0

[Event "SEMI Traxler theme email"]
[Site "SEMI email"]
[Date "2002.01.15"]
[Round "?"]
[White "Koudelka, Ivan"]
[Black "Zaniratti, Ivano"]
[Result "1-0"]
[WhiteElo "2076"]
[BlackElo "2043"]
[PlyCount "26"]
[EventDate "2002.01.15"]
[EventType "tourn (corr)"]
[EventRounds "8"]
[EventCountry "ITA"]
[SourceTitle "Telechess CBM 097"]
[Source "ChessBase"]
[SourceDate "2003.11.11"]
[SourceVersion "1"]
[SourceVersionDate "2003.11.11"]
[SourceQuality "1"]

1. e4 e5 2. Nf3 Nc6 3. Bc4 Nf6 4. Ng5 Bc5 5. Nxf7 Bxf2+ 6. Kxf2 Nxe4+ 7. Ke3 Qe7 8. Nxh8 Qg5+ 9. Kxe4 d5+ 10. Bxd5 Bf5+ 11. Kf3 Bg4+ 12. Kf2 Bxd1 13. Bxc6+ bxc6 1-0

[Event "SEMI KG Kieseritsky (4) email"]
[Site "SEMI email"]
[Date "2000.04.25"]
[Round "?"]
[White "Viola, Matteo"]
[Black "Koudelka, Ivan"]
[Result "1/2-1/2"]
[WhiteElo "2295"]
[BlackElo "2051"]
[PlyCount "61"]
[EventDate "2000.04.25"]
[EventType "tourn (corr)"]
[EventRounds "6"]
[EventCountry "ITA"]
[SourceTitle "Corr 2008"]
[Source "ChessBase"]
[SourceDate "2008.06.24"]
[SourceVersion "1"]
[SourceVersionDate "2008.06.24"]
[SourceQuality "1"]

1. e4 e5 2. f4 exf4 3. Nf3 g5 4. h4 g4 5. Ne5 d6 6. Nxg4 Be7 7. Qf3 Bxh4+ 8. Nf2 Qg5 9. d4 Nc6 10. d5 Ne5 11. Qxf4 Bxf2+ 12. Kxf2 Qe7 13. Nc3 Nf6 14. Kg1 Rg8 15. a4 Ng6 16. Qg3 Qe5 17. Qg5 Bd7 18. Be3 0-0-0 19. Qxe5 Nxe5 20. Bxa7 Rg6 21. a5 Rdg8 22. Be3 Rg4 23. a6 bxa6 24. Rxa6 R8g7 25. Ra8+ Kb7 26. Ra3 Nxe4 27. Ba6+ Kb8 28. Nxe4 Rxe4 29. Rb3+ Ka8 30. Bb7+ Kb8 31. Ba6+ 1/2-1/2

[Event "SEMI KG Fischer Defence (2) email"]
[Site "SEMI email"]
[Date "2000.04.15"]
[Round "?"]
[White "Koudelka, Ivan"]
[Black "Sveinsson, Jon Arni"]
[Result "0-1"]
[WhiteElo "2076"]
[BlackElo "2000"]
[PlyCount "94"]
[EventDate "2000.04.15"]
[EventType "tourn (corr)"]
[EventRounds "7"]
[EventCountry "ITA"]
[SourceTitle "Corr 2008"]
[Source "ChessBase"]
[SourceDate "2008.06.24"]
[SourceVersion "1"]
[SourceVersionDate "2008.06.24"]
[SourceQuality "1"]

1. e4 e5 2. f4 exf4 3. Nf3 d6 4. Bc4 h6 5. d4 g5 6. 0-0 Bg7 7. c3 Nc6 8. Qa4 Bd7 9. Qb3 Qe7 10. Qxb7 Rb8 11. Qa6 Nf6 12. d5 Rb6 13. Qa3 Ne5 14. Nxe5 dxe5 15. Qxe7+ Kxe7 16. Bd3 c6 17. c4 cxd5 18. cxd5 Rc8 19. Na3 Rb4 20. Nc2 Rxe4 21. b3 Kd6 22. Rd1 Kxd5 23. Ba6+ Ke6 24. Bxc8 Bxc8 25. Ba3 Re2 26. Rd6+ Kf5 27. Ne1 Ng4 28. Kf1 Re4 29. Rc6 Be6 30. h3 Ne3+ 31. Kf2 g4 32. Bc5 g3+ 33. Kg1 Nd5 34. Nf3 Re2 35. Nh4+ Kg5 36. Nf3+ Kg6 37. Re1 Rc2 38. a3 Nc3 39. Rd6 e4 40. Rd2 Bxb3 41. Rxc2 Bxc2 42. Nd4 Bd3 43. Bxa7 Bxd4+ 44. Bxd4 Ne2+ 45. Rxe2 Bxe2 46. Be5 Kf5 47. Bd6 h5 0-1

[Event "SEMI KG Fischer Defence (2) email"]
[Site "SEMI email"]
[Date "2000.04.15"]
[Round "?"]
[White "Koudelka, Ivan"]
[Black "Zamudio, Jose Alberto"]
[Result "1-0"]
[WhiteElo "2076"]
[BlackElo "2214"]
[PlyCount "43"]
[EventDate "2000.04.15"]
[EventType "tourn (corr)"]
[EventRounds "7"]
[EventCountry "ITA"]
[SourceTitle "Corr 2008"]
[Source "ChessBase"]
[SourceDate "2008.06.24"]
[SourceVersion "1"]
[SourceVersionDate "2008.06.24"]
[SourceQuality "1"]

1. e4 e5 2. f4 exf4 3. Nf3 d6 4. d4 Be7 5. Bc4 g5 6. h4 Nc6 7. hxg5 Bxg5 8. 0-0 Bh6 9. Nc3 Nge7 10. Nd5 Nxd5 11. exd5 Ne7 12. Nh4 Ng6 13. Nxg6 hxg6 14. Bxf4 Bxf4 15. Qe2+ Kf8 16. Rxf4 Qg5 17. Raf1 Bf5 18. Bb5 Qg3 19. R1f3 Qh2+ 20. Kf1 Rh4 21. Rxh4 Qxh4 22. Qd2 1-0

[Event "SEMI KG Fischer Defence (2) email"]
[Site "SEMI email"]
[Date "2000.04.15"]
[Round "?"]
[White "Zaniratti, Ivano"]
[Black "Koudelka, Ivan"]
[Result "1/2-1/2"]
[WhiteElo "2097"]
[BlackElo "2076"]
[PlyCount "47"]
[EventDate "2000.04.15"]
[EventType "tourn (corr)"]
[EventRounds "7"]
[EventCountry "ITA"]
[SourceTitle "Corr 2008"]
[Source "ChessBase"]
[SourceDate "2008.06.24"]
[SourceVersion "1"]
[SourceVersionDate "2008.06.24"]
[SourceQuality "1"]

1. e4 e5 2. f4 exf4 3. Nf3 d6 4. d4 g5 5. h4 g4 6. Ng1 f5 7. Nc3 Nf6 8. Bxf4 fxe4 9. d5 Bg7 10. Qd2 0-0 11. Nge2 Qe8 12. Ng3 Nh5 13. Nxh5 Qxh5 14. g3 Bf5 15. 0-0-0 Nd7 16. Bg2 Rae8 17. Rhe1 Nb6 18. b3 Qg6 19. Re3 Rf7 20. Qe1 a6 21. a3 Rfe7 22. Bg5 Re5 23. Bf4 R5e7 24. Bg5 1/2-1/2

[Event "SEMI Sicilian Lasker theme email"]
[Site "SEMI email"]
[Date "1999.01.18"]
[Round "?"]
[White "Bianchi, Maurizio"]
[Black "Koudelka, Ivan"]
[Result "0-1"]
[WhiteElo "1832"]
[BlackElo "2076"]
[PlyCount "66"]
[EventDate "1999.01.??"]
[EventType "tourn (corr)"]
[EventRounds "8"]
[EventCountry "ITA"]
[SourceTitle "Corr 2008"]
[Source "ChessBase"]
[SourceDate "2008.06.24"]
[SourceVersion "1"]
[SourceVersionDate "2008.06.24"]
[SourceQuality "1"]

1. e4 c5 2. Nf3 Nc6 3. d4 cxd4 4. Nxd4 Nf6 5. Nc3 e5 6. Ndb5 d6 7. Bg5 a6 8. Bxf6 gxf6 9. Na3 f5 10. Qh5 b5 11. Naxb5 axb5 12. Bxb5 Bb7 13. Bc4 Qf6 14. Nd5 Qg6 15. Nc7+ Kd8 16. Qxg6 fxg6 17. Nxa8 Bxa8 18. Bd5 Kc7 19. c3 Bh6 20. f3 Bb7 21. a4 Ba6 22. b4 Bd3 23. exf5 gxf5 24. g3 Be3 25. Bb3 e4 26. f4 Rb8 27. Ra2 Ne7 28. Kd1 d5 29. Re1 d4 30. a5 Kd6 31. a6 Nd5 32. Bxd5 Kxd5 33. a7 Ra8 0-1

[Event "King's gam theme fin corr"]
[Site "corr"]
[Date "1997.??.??"]
[Round "?"]
[White "Enev, Zlatko"]
[Black "Koudelka, Ivan"]
[Result "1/2-1/2"]
[WhiteElo "2410"]
[BlackElo "2060"]
[PlyCount "33"]
[EventDate "1997.??.??"]
[EventType "tourn (corr)"]
[EventRounds "6"]
[SourceTitle "E-Mail 2000"]
[Source "ChessBase"]
[SourceDate "2000.04.19"]
[SourceVersion "1"]
[SourceVersionDate "2000.04.19"]
[SourceQuality "1"]

1. e4 e5 2. f4 exf4 3. Nf3 d6 4. d4 g5 5. h4 g4 6. Ng1 f5 7. Nc3 Nf6 8. exf5 Qe7+ 9. Qe2 Bh6 10. Qxe7+ Kxe7 11. Nge2 Bxf5 12. Nxf4 Kd7 13. Bb5+ c6 14. Be2 Bg7 15. d5 Re8 16. 0-0 cxd5 17. Bb5+ 1/2-1/2

[Event "King's gam theme fin corr"]
[Site "corr"]
[Date "1997.??.??"]
[Round "?"]
[White "Koudelka, Ivan"]
[Black "Enev, Zlatko"]
[Result "1/2-1/2"]
[WhiteElo "2060"]
[BlackElo "2410"]
[PlyCount "34"]
[EventDate "1997.??.??"]
[EventType "tourn (corr)"]
[EventRounds "6"]
[SourceTitle "E-Mail 2000"]
[Source "ChessBase"]
[SourceDate "2000.04.19"]
[SourceVersion "1"]
[SourceVersionDate "2000.04.19"]
[SourceQuality "1"]

1. e4 e5 2. f4 exf4 3. Bc4 Nf6 4. Nc3 c6 5. Bb3 d5 6. exd5 cxd5 7. d4 Bd6 8. Nf3 0-0 9. 0-0 Be6 10. Ne5 Bxe5 11. dxe5 Ng4 12. Nxd5 g5 13. h4 h6 14. hxg5 hxg5 15. Nf6+ Nxf6 16. Qxd8 Rxd8 17. exf6 Nd7 1/2-1/2

[Event "King's gam theme fin corr"]
[Site "corr"]
[Date "1997.??.??"]
[Round "?"]
[White "Koudelka, Ivan"]
[Black "Malmstroem, Jan"]
[Result "0-1"]
[WhiteElo "2060"]
[BlackElo "2510"]
[PlyCount "54"]
[EventDate "1997.??.??"]
[EventType "tourn (corr)"]
[EventRounds "6"]
[SourceTitle "E-Mail 2000"]
[Source "ChessBase"]
[SourceDate "2000.04.19"]
[SourceVersion "1"]
[SourceVersionDate "2000.04.19"]
[SourceQuality "1"]

1. e4 e5 2. f4 Bc5 3. Nf3 d6 4. Nc3 Nf6 5. Bc4 Nc6 6. d3 Ng4 7. Ng5 exf4 8. Bxf4 Bf2+ 9. Kd2 Nce5 10. Bb3 0-0 11. Nf3 h6 12. Qe2 Ng6 13. Bg3 Be3+ 14. Ke1 c6 15. Nd1 Nf4 16. Qf1 Nh5 17. Bh4 g5 18. Bf2 Nxf2 19. Nxf2 Kh8 20. Nd1 Bb6 21. g3 f5 22. Qg2 fxe4 23. dxe4 Bg4 24. Rf1 Qe7 25. Nd2 Rxf1+ 26. Qxf1 Rf8 27. Qd3 Qf6 0-1

[Event "King's gam theme fin corr"]
[Site "corr"]
[Date "1997.??.??"]
[Round "?"]
[White "Malmstroem, Jan"]
[Black "Koudelka, Ivan"]
[Result "1-0"]
[WhiteElo "2510"]
[BlackElo "2060"]
[PlyCount "53"]
[EventDate "1997.??.??"]
[EventType "tourn (corr)"]
[EventRounds "6"]
[SourceTitle "E-Mail 2000"]
[Source "ChessBase"]
[SourceDate "2000.04.19"]
[SourceVersion "1"]
[SourceVersionDate "2000.04.19"]
[SourceQuality "1"]

1. e4 e5 2. f4 exf4 3. Nf3 Nf6 4. e5 Nh5 5. d4 d5 6. Be2 g5 7. Nxg5 Qxg5 8. Bxh5 Qh4+ 9. Kf1 b6 10. Nc3 Ba6+ 11. Kg1 Nc6 12. Bxf4 Nxd4 13. Nxd5 Ne6 14. g3 Bc5+ 15. Kg2 Rg8 16. Qf3 0-0-0 17. Bxf7 Nxf4+ 18. Qxf4 Qxf4 19. Nxf4 Rd2+ 20. Kh3 Rg5 21. e6 Rxc2 22. Rhe1 Bc4 23. b3 Bb5 24. Rad1 Bf2 25. Re4 Rf5 26. Bh5 Rcc5 27. Be2 1-0

[Event "Theme14 prel5 email"]
[Site "CServe email"]
[Date "1994.??.??"]
[Round "?"]
[White "Jaumandreu Llopis, Antonio"]
[Black "Koudelka, Ivan"]
[Result "1/2-1/2"]
[WhiteElo "2270"]
[BlackElo "2030"]
[PlyCount "79"]
[EventDate "1994.??.??"]
[EventType "tourn (corr)"]
[EventRounds "10"]
[SourceTitle "E-Mail 2000"]
[Source "ChessBase"]
[SourceDate "2000.04.19"]
[SourceVersion "1"]
[SourceVersionDate "2000.04.19"]
[SourceQuality "1"]

1. e4 c5 2. d4 cxd4 3. c3 dxc3 4. Nxc3 Nc6 5. Nf3 e6 6. Bc4 Nf6 7. Qe2 Qc7 8. e5 d5 9. exd6 Bxd6 10. Nb5 Bb4+ 11. Bd2 Qe7 12. Rd1 0-0 13. 0-0 a6 14. Bxb4 Nxb4 15. Nd6 b5 16. Bb3 Ra7 17. Ng5 Rc7 18. Rfe1 Nfd5 19. Ngxf7 Qf6 20. Ne5 Nf4 21. Qe4 Nbd5 22. Kh1 Qe7 23. Nxc8 Rcxc8 24. g3 Nh3 25. Ng4 h5 26. Bxd5 hxg4 27. Rd2 Rxf2 28. Qxg4 Rxd2 29. Bxe6+ Kf8 30. Qf3+ Ke8 31. Qh5+ Kd8 32. Qh8+ Kc7 33. Qxc8+ Kb6 34. Qb8+ Ka5 35. b4+ Kxb4 36. Qe5 Nf2+ 37. Kg1 Nd1 38. Re4+ Ka3 39. Re3+ Kb4 40. Re4+ 1/2-1/2